000 00908cam a2200193 i 4500
005 20251208120253.0
008 250721s2003 su gr 000 0 ara d
082 1 4 _a216.112
_bس ع د
100 1 _aأبو سعد، محمد محمد شتا
_eمؤلف.
245 1 2 _aالإجماع عند أهل السنة الأربعة :
_bدراسة للمسائل التي أجمع عليها الأئمة الأربعة في كافة أبواب الفقه وهي مستخلصة من مخطوطة اختلاف الأئمة الأربعة /
_cالمستشار الدكتور محمد محمد شتا أبو سعد.
250 _aالطبعة الأولى.
264 3 1 _aالرياض :
_bمكتبة العبيكان،
_c2003.
300 _a212 صفحة.
650 1 7 _aالفقه الإسلامي.
650 1 7 _aفقه السنة.
650 1 7 _aالإجماع.
942 _2ddc
_cBK
999 _c96555
_d96555